IA para docentes (Registro nro. 10913)

000 -CABECERA
Campo de control de longitud fija 01383nam a22002777a 4500
003 - IDENTIFICADOR DEL NÚMERO DE CONTROL
Campo de control OSt
005 - FECHA Y HORA DE LA ÚLTIMA TRANSACCIÓN
Campo de control 20260626161527.0
008 - CÓDIGOS DE INFORMACIÓN DE LONGITUD FIJA
Campo de control de longitud fija 260626t2026 xxu||||| |||| 00| 0 spa d
040 ## - FUENTE DE LA CATALOGACIÓN
Centro catalogador de origen Unicoc
Lengua de catalogación spa
Centro que cataloga Bogotá (Dr. David Ordóñez Rueda) - Campus Norte
Centro modificador Bogotá (Dr. David Ordóñez Rueda) - Campus Norte
082 ## - NÚMERO DE LA CLASIFICACIÓN DECIMAL DEWEY
Número de clasificación 371.33
100 ## - PUNTO DE ACCESO PRINCIPAL - NOMBRE DE PERSONA
9 (RLIN) 13134
Nombre de persona Rey Valzacchi, Jorge
245 ## - MENCIÓN DE TÍTULO
Título IA para docentes
Subtitulo o Resto del título : guía visual para integrar inteligencia artificial en la enseñanza
Mención de responsabilidad etc. / Jorge Rey Valzacchi
250 ## - MENCIÓN DE EDICIÓN
Mención de edición 1 Ed.
260 ## - PUBLICATION, DISTRIBUTION, ETC. (IMPRINT)
Lugar de publicación distribución etc. Argentina
Nombre del editor distribuidor etc. Instituto Latinoamericano de Desarrollo Profesional Docente ,
Fecha de publicación distribución etc. 2026.
300 ## - DESCRIPCIÓN FÍSICA
Extensión 36 páginas
Otras características físicas Ilustraciones, diagramas, tablas, gráficas
440 ## - MENCIÓN DE SERIE
9 (RLIN) 13135
Título Aprende Virtual
505 ## - NOTA DE CONTENIDO CON FORMATO
Título 1. La IA y el rol del docente. --
-- 2. Planificar y diseñar con IA. --
-- 3. Crear, evaluar y retroalimentar con IA. --
-- 4. Uso responsable, inclusivo y efectivo de la IA. --
-- 5. IA para aprender y pensar mejor.
526 ## - NOTA DE INFORMACIÓN SOBRE EL PROGRAMA DE ESTUDIO
Institución que aplica el campo Unicoc
546 ## - NOTA DE LENGUA
Nota de lengua Español
650 #0 - PUNTO DE ACCESO ADICIONAL DE MATERIA - TÉRMINO DE MATERIA
9 (RLIN) 13167
Término de materia o nombre geográfico como elemento inicial Competencias digitales
Subdivisión de forma Docentes
650 #0 - PUNTO DE ACCESO ADICIONAL DE MATERIA - TÉRMINO DE MATERIA
9 (RLIN) 10540
Término de materia o nombre geográfico como elemento inicial Inteligencia artificial
Subdivisión de forma Aplicaciones en la educación
650 #0 - PUNTO DE ACCESO ADICIONAL DE MATERIA - TÉRMINO DE MATERIA
9 (RLIN) 13138
Término de materia o nombre geográfico como elemento inicial Docentes
Subdivisión de forma Uso de tecnologías de la información
650 #0 - PUNTO DE ACCESO ADICIONAL DE MATERIA - TÉRMINO DE MATERIA
9 (RLIN) 13148
Término de materia o nombre geográfico como elemento inicial Recursos educativos digitales
856 ## - LOCALIZACIÓN Y ACCESO ELECTRÓNICOS
Texto del enlace Acceso online exclusivo para comunidad Unicoc.
Identificador Uniforme del Recurso (URI) https://unicoceduco-my.sharepoint.com/:b:/g/personal/direccionbiblioteca_unicoc_edu_co/IQCS-DdQWWTKQpc2FKdICafjAXgcpLyWv9caBANd2oT3SkY
942 ## - ENTRADA PARA ELEMENTOS AGREGADOS (KOHA)
Fuente de clasificación o esquema de ordenación en estanterías
Koha [por defecto] tipo de item Libro electrónico
Existencias
Fuente de clasificación o esquema de ordenación en estanterías Tipo de item de Koha Código de colección Fecha del precio de reemplazo Localización actual Estado de pérdida Fecha de adquisición Código de barras Fecha última consulta Localización permanente No para préstamo Signatura completa Estropeado
 Libro electrónicoColeccion Online2026-06-26Bogotá (Dr. David Ordóñez Rueda) - Campus Norte 2026-06-26Ebook109132026-06-26Bogotá (Dr. David Ordóñez Rueda) - Campus Norte 371.33 

© 2014 UNICOC | Institución Universitaria Colegios de Colombia - UNICOC
Bogotá D.C. Autopista Norte Km. 20. Teléfono:(571)6683535
Cali: Calle 13 Norte No. 3N-13. Teléfono: (572)6608887

Con tecnología de Koha